Statistics for Famous New Zealanders by Picture

Click here to take the quiz!

General Stats

  • This quiz has been taken 168 times
    (147 since last reset)
  • The average score is 8 of 16

Answer Stats

Answer% Correct
Edmund Hillary
84%
Peter Jackson
82%
Lorde
77%
Jacinda Ardern
73%
Jonah Lomu
63%
Ernest Rutherford
55%
Kate Sheppard
43%
Kiri te Kanawa
43%
Richard Hadlee
42%
Peter Snell
36%
David Lange
34%
Jean Batten
30%
Jane Campion
27%
Jemaine Clement
27%
Whina Cooper
19%
Katherine Mansfield
18%

Score Distribution

Percentile by Number Answered

Percent of People with Each Score

Your Score History

You have not taken this quiz since the last reset